The Punjab security of land tenures act, 1953 (Punjab act No. X of 953) : (Record no. 125397)

MARC details
000 -LEADER
fixed length control field 00937nam a22002657a 4500
005 - DATE AND TIME OF LATEST TRANSACTION
control field 20170124105953.0
010 ## - LIBRARY OF CONGRESS CONTROL NUMBER
LC control number 181543
020 ## - INTERNATIONAL STANDARD BOOK NUMBER
Terms of availability 07.50
035 ## - SYSTEM CONTROL NUMBER
System control number 181543
037 ## - SOURCE OF ACQUISITION
Source of stock number/acquisition Cen Lib/Ret
040 ## - CATALOGING SOURCE
Original cataloging agency DPL
Language of cataloging EN
082 ## - DEWEY DECIMAL CLASSIFICATION NUMBER
Classification number 333.32
Item number KAL
100 ## - MAIN ENTRY--PERSONAL NAME
Personal name Kalia, K.K.
9 (RLIN) 14190
245 ## - TITLE STATEMENT
Title The Punjab security of land tenures act, 1953 (Punjab act No. X of 953) :
Statement of responsibility, etc by K.K. Kalia, Mani Subrat Jain [and] A.L. Fletcher
Remainder of title with commentaries, rules, regulations, notifications, official orders and instructions etc. /
246 ## - VARYING FORM OF TITLE
Remainder of title
260 ## - PUBLICATION, DISTRIBUTION, ETC. (IMPRINT)
Name of publisher, distributor, etc Metropolitian Book Co,(Private) Ltd.
Place of publication, distribution, etc Delhi
Date of publication, distribution, etc 1960
270 ## - ADDRESS
Address 1, Faiz Bazar
City Delhi
300 ## - PHYSICAL DESCRIPTION
Extent xiii,148p. :
Dimensions 24cm(Hb)
Other physical details ill.
500 ## - GENERAL NOTE
General note Includes index.<br/>
650 ## - SUBJECT ADDED ENTRY--TOPICAL TERM
Topical term or geographic name as entry element India--Punjab
9 (RLIN) 14191
650 ## - SUBJECT ADDED ENTRY--TOPICAL TERM
Topical term or geographic name as entry element Land tenure--Law and legislation
9 (RLIN) 14192
700 ## - ADDED ENTRY--PERSONAL NAME
Personal name Jain, Mani Subrat
9 (RLIN) 14168
700 ## - ADDED ENTRY--PERSONAL NAME
Personal name Fletcher, A.L.
9 (RLIN) 14169
942 ## - ADDED ENTRY ELEMENTS (KOHA)
Source of classification or shelving scheme Dewey Decimal Classification
Koha item type English Books
Classification part 333.32
Call number suffix KAL
Holdings
Withdrawn status Lost status Damaged status Not for loan Home library Current library Date acquired Source of acquisition Cost, normal purchase price Total Checkouts Full call number Barcode Date last seen Copy number Cost, replacement price Price effective from Koha item type
        Central Library Central Library 20/06/2015 Cen Lib/Ret 7.50   333.32 KAL 181543 20/06/2015 1 7.50 20/06/2015 English Books
        Central Library Central Library 24/06/2015 Cen Lib/Ret 7.50   333.32 KAL 151543 24/06/2015 1 7.50 24/06/2015 English Books

© Delhi Public Library
Hit Counter
free hit counter